Godai Tomoatsu ( 1836 - 1885 ) an economic statesman of early Meiji Japan
Đã lưu trong:
| 主要作者: | |
|---|---|
| 格式: | 圖書 |
| 語言: | Undetermined |
| 出版: |
Michigan
University Microfilms
1973
|
| 主題: | |
| 標簽: |
添加標簽
沒有標簽, 成為第一個標記此記錄!
|
| Thư viện lưu trữ: | Trung tâm Học liệu Trường Đại học Cần Thơ |
|---|
| LEADER | 00555nam a2200181Ia 4500 | ||
|---|---|---|---|
| 001 | CTU_78923 | ||
| 008 | 210402s9999 xx 000 0 und d | ||
| 082 | |a 332 | ||
| 082 | |b H776 | ||
| 100 | |a Hoover, William Davis | ||
| 245 | 0 | |a Godai Tomoatsu ( 1836 - 1885 ) an economic statesman of early Meiji Japan | |
| 245 | 0 | |c William Davis Hoover | |
| 260 | |a Michigan | ||
| 260 | |b University Microfilms | ||
| 260 | |c 1973 | ||
| 650 | |a Finacial economics,Financial institutions | ||
| 904 | |i M.Loan | ||
| 980 | |a Trung tâm Học liệu Trường Đại học Cần Thơ | ||